000 00443nam a2200193Ia 4500
005 20250423095614.0
008 250422s9999 xx 000 0 und d
020 _a0-07-909388-4
050 _aQC 320 .H64/
100 _aJ.P Holman
245 0 _aHeat Transfer
250 _aSeventh Edition
260 _aNew York
260 _bMcGraw-Hill Book Company
260 _c1990
300 _a714 p
650 _aHeat Transfer
942 _cBK
999 _c30778
_d30778